[Event "Cuiaba Contaud op"]
[Site "Cuiaba"]
[Date "2019.06.01"]
[Round "4"]
[White "Nunes dos Santos, Rafael"]
[Black "Avelhaneda, Thiago Stuch"]
[Result "1-0"]
[WhiteElo "1352"]
[BlackElo "1625"]
[PlyCount "117"]
[EventDate "2019.05.31"]
[EventType "swiss"]
[EventRounds "6"]
[EventCountry "BRA"]
[SourceTitle "EXT 2020"]
[Source "ChessBase"]
[SourceDate "2019.10.17"]
[SourceVersion "1"]
[SourceVersionDate "2019.10.17"]
[SourceQuality "1"]

1. g4 d5 2. Bg2 e5 3. e4 d4 4. c3 c5 5. d3 Nf6 6. g5 Ng8 7. Nf3 Nc6 8. h4 h6 9. gxh6 Nxh6 10. Nbd2 Be7 11. Nc4 f6 12. Bh3 b5 13. Ncd2 Bd7 14. c4 Nb4 15. Bf1 Nf7 16. a3 Na6 17. Rg1 Bf8 18. cxb5 Bxb5 19. a4 Bd7 20. Nc4 Rb8 21. Rg3 Be6 22. Bh3 Bxc4 23. dxc4 Nd6 24. Nd2 Nb4 25. a5 a6 26. Qa4+ Kf7 27. Qd1 Rxh4 28. Raa3 Nxe4 29. Nxe4 Rxe4+ 30. Kf1 d3 31. Qh5+ Ke7 32. Qf5 Qd4 33. Be3 Rxe3 34. Rxe3 d2 35. Bg4 d1Q+ 36. Bxd1 Qxd1+ 37. Re1 Qd4 38. Re4 Qxb2 39. Rae3 Nc6 40. Re2 Qa1+ 41. Re1 Qxa5 42. f4 Qc7 43. fxe5 Nxe5 44. Rxe5+ fxe5 45. Rxe5+ Kd8 46. Qxf8+ Kd7 47. Re7+ Kc6 48. Rxc7+ Kxc7 49. Qxc5+ Kb7 50. Qe7+ Kc6 51. Qxg7 Rb4 52. Qd4 a5 53. Ke2 a4 54. Kd3 Rb3+ 55. Kc2 Rb4 56. Qd5+ Kb6 57. c5+ Kb5 58. c6+ Kb6 59. c7 1-0

[Event "Cuiaba Master 10th"]
[Site "Cuiaba"]
[Date "2019.03.03"]
[Round "4.9"]
[White "Barbosa, Glauco de Oliveira"]
[Black "Avelhaneda, Thiago Stuch"]
[Result "0-1"]
[WhiteElo "1376"]
[BlackElo "1800"]
[PlyCount "35"]
[EventDate "2019.03.02"]
[EventType "swiss"]
[EventRounds "6"]
[EventCountry "BRA"]
[SourceTitle "EXT 2022"]
[Source "ChessBase"]
[SourceDate "2021.10.06"]
[SourceVersion "1"]
[SourceVersionDate "2021.10.06"]
[SourceQuality "1"]

1. d4 d5 2. Nc3 Nf6 3. e3 Nc6 4. Nf3 Bg4 5. Be2 e6 6. Ne5 Bxe2 7. Qxe2 Nxe5 8. dxe5 Nd7 9. h4 c6 10. b3 Bb4 11. Bb2 Qa5 12. 0-0 Bxc3 13. Bxc3 Qxc3 14. Qd3 Qxd3 15. cxd3 0-0 16. d4 f6 17. b4 fxe5 18. dxe5 0-1

[Event "Cuiaba Master 10th"]
[Site "Cuiaba"]
[Date "2019.03.02"]
[Round "3.6"]
[White "Avelhaneda, Thiago Stuch"]
[Black "De Farias, Jose Nogueira"]
[Result "0-1"]
[WhiteElo "1800"]
[BlackElo "1864"]
[PlyCount "51"]
[EventDate "2019.03.02"]
[EventType "swiss"]
[EventRounds "6"]
[EventCountry "BRA"]
[SourceTitle "EXT 2022"]
[Source "ChessBase"]
[SourceDate "2021.10.06"]
[SourceVersion "1"]
[SourceVersionDate "2021.10.06"]
[SourceQuality "1"]

1. e4 Nf6 2. Nc3 d5 3. exd5 Nxd5 4. Qf3 Nb4 5. Bb5+ c6 6. Ba4 e6 7. a3 Nd5 8. d4 Be7 9. Nge2 0-0 10. 0-0 Nd7 11. Nf4 N7f6 12. Re1 Bd6 13. Ne4 Nxe4 14. Qxe4 Nf6 15. Qf3 Qa5 16. b4 Qxa4 17. c4 Bxb4 18. Rd1 Be7 19. c5 e5 20. h3 exf4 21. Bxf4 Nd5 22. Bg3 Bf6 23. Qd3 Re8 24. Re1 Bd7 25. Be5 Bxe5 26. dxe5 0-1